[Event "Ambalangoda Dhamso op 4th"]
[Site "Ambalangoda"]
[Date "2014.05.02"]
[Round "5"]
[White "Priyankara, Chamil Y"]
[Black "Priyadarshana, Y Danushka"]
[Result "0-1"]
[WhiteElo "1930"]
[BlackElo "1604"]
[PlyCount "63"]
[EventDate "2014.04.30"]
[EventType "swiss"]
[EventRounds "9"]
[EventCountry "SRI"]
[SourceTitle "CBM 160 Extra"]
[Source "ChessBase"]
[SourceDate "2014.07.01"]
[SourceVersion "1"]
[SourceVersionDate "2014.07.01"]
[SourceQuality "1"]

1. Nf3 d5 2. g3 g6 3. c4 c6 4. Bg2 Bg7 5. 0-0 Nf6 6. d4 0-0 7. Nc3 Bf5 8. Ne5 Be6 9. Qb3 Qb6 10. Qxb6 axb6 11. cxd5 Nxd5 12. Nxd5 Bxd5 13. Bxd5 cxd5 14. Bf4 Nc6 15. Nd7 Nxd4 16. Nxf8 Nxe2+ 17. Kg2 Nxf4+ 18. gxf4 Kxf8 19. Rfd1 e6 20. Rd3 Ra4 21. Kg3 Bxb2 22. Rad1 Ba3 23. Rd4 Ra5 24. R1d2 Bc5 25. R4d3 Ke7 26. h4 h5 27. f5 gxf5 28. Kh3 Ra4 29. f3 f6 30. Rb3 Rc4 31. Kg2 Kf7 32. Rb1 0-1